Villes les plus denses d'Ile-de-France - Statistiques

Statistiques générales
  • Ce quiz a été pris 36 fois
  • Le résultat moyen est 6 sur 15
Statistiques - réponses
hab/km2 Réponse % Correct
19 960 Paris
94%
28 254 Levallois-Perret
54%
20 912 Clichy
51%
25 232 Vincennes
46%
19 290 Boulogne-Billancourt
43%
16 765 Bagnolet
40%
22 379 Montrouge
40%
22 903 Saint-Mandé
37%
24 276 Le Pré-Saint-Gervais
34%
18 347 Vanves
34%
19 490 Asnières-sur-Seine
31%
18 923 Les Lilas
29%
19 881 Courbevoie
26%
16 918 Gentilly
20%
16 965 La Garenne-Colombes
3%
Aucun quiz correspondant
Distribution des résultats
% des personnes avec chaque résultat
Percentile par nombre de réponses
Votre historique - résultats
Vous n’avez pas pris ce quiz